| 000 -LEADER |
| fixed length control field |
02821nam a22006137a 4500 |
| 001 - CONTROL NUMBER |
| control field |
16829567 |
| 003 - CONTROL NUMBER IDENTIFIER |
| control field |
OSt |
| 005 - DATE AND TIME OF LATEST TRANSACTION |
| control field |
20210709074234.0 |
| 008 - FIXED-LENGTH DATA ELEMENTS--GENERAL INFORMATION |
| fixed length control field |
110616s2017 iluak b 000 0 eng c |
| 010 ## - LIBRARY OF CONGRESS CONTROL NUMBER |
| LC control number |
2011932202 |
| 020 ## - INTERNATIONAL STANDARD BOOK NUMBER |
| International Standard Book Number |
9780878226832 |
| 035 ## - SYSTEM CONTROL NUMBER |
| System control number |
(OCoLC)ocn760179432 |
| 040 ## - CATALOGING SOURCE |
| Original cataloging agency |
OKS |
| Language of cataloging |
eng |
| Transcribing agency |
OKS |
| Modifying agency |
IAL |
| -- |
YDXCP |
| -- |
OSU |
| -- |
OCLCF |
| -- |
TXI |
| -- |
OCLCO |
| -- |
OCL |
| -- |
DLC |
| 041 ## - LANGUAGE CODE |
| Language code of text/sound track or separate title |
eng |
| 042 ## - AUTHENTICATION CODE |
| Authentication code |
pcc |
| 043 ## - GEOGRAPHIC AREA CODE |
| Geographic area code |
n-us--- |
| 050 00 - LIBRARY OF CONGRESS CALL NUMBER |
| Classification number |
LC4019 |
| Item number |
.M37 2012 |
| 080 ## - UNIVERSAL DECIMAL CLASSIFICATION NUMBER |
| Universal Decimal Classification number |
37 |
| Item number |
M-44 |
| 100 1# - MAIN ENTRY--PERSONAL NAME |
| Personal name |
McGinnis-Smith, Ellen, |
| Relator term |
author. |
| 245 10 - TITLE STATEMENT |
| Title |
Skillstreaming Children and Youth with High-Functioning Autism: A Guide for Teaching Prosocial Skills |
| Statement of responsibility, etc. |
/ by: Research Press |
| 260 ## - PUBLICATION, DISTRIBUTION, ETC. |
| Place of publication, distribution, etc. |
Champaign, Ill. |
| Name of publisher, distributor, etc. |
Research Press |
| Date of publication, distribution, etc. |
c2017 |
| 300 ## - PHYSICAL DESCRIPTION |
| Extent |
xvii, 363 p. |
| Dimensions |
28 cm. + |
| Accompanying material |
1 CD-ROM (4 3/4 in.) |
| 365 ## - TRADE PRICE |
| Price amount |
49.99 usd |
| 500 ## - GENERAL NOTE |
| General note |
"The Arnold P. Goldstein approach"--Cover. |
| 504 ## - BIBLIOGRAPHY, ETC. NOTE |
| Bibliography, etc. note |
Includes bibliographical references (p. 369-380). |
| 520 ## - SUMMARY, ETC. |
| Summary, etc. |
Skillstreaming the elementary school child employs a four-part training approach: modeling, role-playing, performance feedback, and generalization which teach essential prosocial skills to elementary-age children. This book provides a complete description of the Skillstreaming program with instructions for teaching 60 prosocial skills. |
| 650 #0 - SUBJECT ADDED ENTRY--TOPICAL TERM |
| Topical term or geographic name entry element |
Problem children |
| General subdivision |
Education (Elementary) |
| Geographic subdivision |
United States. |
| 650 #0 - SUBJECT ADDED ENTRY--TOPICAL TERM |
| Topical term or geographic name entry element |
Education |
| 9 (RLIN) |
318 |
| 650 #0 - SUBJECT ADDED ENTRY--TOPICAL TERM |
| Topical term or geographic name entry element |
Autism |
| 9 (RLIN) |
1431 |
| 650 #0 - SUBJECT ADDED ENTRY--TOPICAL TERM |
| Topical term or geographic name entry element |
Interpersonal communication in children. |
| 650 #0 - SUBJECT ADDED ENTRY--TOPICAL TERM |
| Topical term or geographic name entry element |
Behavior modification |
| Geographic subdivision |
United States. |
| 650 #0 - SUBJECT ADDED ENTRY--TOPICAL TERM |
| Topical term or geographic name entry element |
Social skills |
| General subdivision |
Study and teaching (Elementary) |
| 650 #0 - SUBJECT ADDED ENTRY--TOPICAL TERM |
| Topical term or geographic name entry element |
Interaction analysis in education. |
| 650 #0 - SUBJECT ADDED ENTRY--TOPICAL TERM |
| Topical term or geographic name entry element |
Child psychology. |
| 650 #0 - SUBJECT ADDED ENTRY--TOPICAL TERM |
| Topical term or geographic name entry element |
Children with disabilities |
| General subdivision |
Education. |
| 650 #7 - SUBJECT ADDED ENTRY--TOPICAL TERM |
| Topical term or geographic name entry element |
Behavior modification. |
| Source of heading or term |
fast |
| Authority record control number or standard number |
(OCoLC)fst00829918 |
| 650 #7 - SUBJECT ADDED ENTRY--TOPICAL TERM |
| Topical term or geographic name entry element |
Child psychology. |
| Source of heading or term |
fast |
| Authority record control number or standard number |
(OCoLC)fst00854540 |
| 650 #7 - SUBJECT ADDED ENTRY--TOPICAL TERM |
| Topical term or geographic name entry element |
Children with disabilities |
| General subdivision |
Education. |
| Source of heading or term |
fast |
| Authority record control number or standard number |
(OCoLC)fst00855556 |
| 650 #7 - SUBJECT ADDED ENTRY--TOPICAL TERM |
| Topical term or geographic name entry element |
Interaction analysis in education. |
| Source of heading or term |
fast |
| Authority record control number or standard number |
(OCoLC)fst00975973 |
| 650 #7 - SUBJECT ADDED ENTRY--TOPICAL TERM |
| Topical term or geographic name entry element |
Interpersonal communication in children. |
| Source of heading or term |
fast |
| Authority record control number or standard number |
(OCoLC)fst00977369 |
| 650 #7 - SUBJECT ADDED ENTRY--TOPICAL TERM |
| Topical term or geographic name entry element |
Problem children |
| General subdivision |
Education (Elementary) |
| Source of heading or term |
fast |
| Authority record control number or standard number |
(OCoLC)fst01077849 |
| 650 #7 - SUBJECT ADDED ENTRY--TOPICAL TERM |
| Topical term or geographic name entry element |
Social skills |
| General subdivision |
Study and teaching (Elementary) |
| Source of heading or term |
fast |
| Authority record control number or standard number |
(OCoLC)fst01123335 |
| 651 #7 - SUBJECT ADDED ENTRY--GEOGRAPHIC NAME |
| Geographic name |
United States. |
| Source of heading or term |
fast |
| Authority record control number or standard number |
(OCoLC)fst01204155 |
| 653 ## - INDEX TERM--UNCONTROLLED |
| Uncontrolled term |
განათლება |
| 653 ## - INDEX TERM--UNCONTROLLED |
| Uncontrolled term |
სოციალური ურთიერთობები |
| 653 ## - INDEX TERM--UNCONTROLLED |
| Uncontrolled term |
ბავშვთა ფსიქოლოგია |
| 653 ## - INDEX TERM--UNCONTROLLED |
| Uncontrolled term |
ქცევის მართვა |
| 653 ## - INDEX TERM--UNCONTROLLED |
| Uncontrolled term |
აუტიზმი |
| 700 ## - ADDED ENTRY--PERSONAL NAME |
| 9 (RLIN) |
1432 |
| Personal name |
Simpson, L. Richard |
| 906 ## - LOCAL DATA ELEMENT F, LDF (RLIN) |
| a |
7 |
| b |
cbc |
| c |
pccadap |
| d |
2 |
| e |
epcn |
| f |
20 |
| g |
y-gencatlg |
| 942 ## - ADDED ENTRY ELEMENTS (KOHA) |
| Source of classification or shelving scheme |
|
| Koha item type |
Books |